000 01181nam a22002537a 4500
999 _c3980
_d3980
005 20241127151058.0
008 241127b ||||| |||| 00| 0 eng d
020 _a9781405293037
040 _cKH8
082 _a794.8 COX
100 _aCox, Alexander
_eAuthor
245 _aRoblox top role-playing games /
_cAlexander Cox
260 _aLondon,
_bEgmont UK Limited,
_c2019
300 _a96 pages :
_billustrations ;
_c22 cm.
440 _aGame guide,
_v2
520 _aA comprehensive guide to the greatest role-playing games available on Roblox. From the smash-hit MeepC ity to the hugely popular Work at a Pizza Place, this exciting book gives you the official scoop on some of the most popular and critically-acclaimed role-playing games on Roblox. Each profile tells you everything you need to know, including a guide to gameplay, interviews with the creators, and tips and tricks to take your skills to the next level
650 _aFantasy games
650 _aFantasy games
_vJuvenile literature
650 _aJuvenile works
700 _aAlex Wiltshire
_eAuthor
700 _aCraig Jelley
_eEditor
700 _aJohn Stuckey
_eIllustrator
942 _2ddc
_cNFIC